Obras completas. (Registro nro. 1194)

Detalles MARC
000 -CABECERA
campo de control de longitud fija 01360nam a2200265Ia 4500
003 - IDENTIFICADOR DEL NÚMERO DE CONTROL
campo de control AR-RoIUNI
005 - FECHA Y HORA DE LA ÚLTIMA TRANSACCIÓN
campo de control 20180726080725.0
007 - CAMPO FIJO DE DESCRIPCIÓN FÍSICA--INFORMACIÓN GENERAL
campo de control de longitud fija ta
008 - DATOS DE LONGITUD FIJA--INFORMACIÓN GENERAL
campo de control de longitud fija 150616s2008 ag r 000 0 spa d
020 ## - NÚMERO INTERNACIONAL ESTÁNDAR DEL LIBRO
Número Internacional Estándar del Libro 9789505185993
040 ## - FUENTE DE LA CATALOGACIÓN
Centro/agencia transcriptor AR-RoIUNI
Lengua de catalogación spa
Normas de descripción aarc2
080 ## - NÚMERO DE LA CLASIFICACIÓN DECIMAL UNIVERSAL
Número de la Clasificación Decimal Universal 159.9
100 1# - ENTRADA PRINCIPAL--NOMBRE DE PERSONA
Nombre de persona Freud, Sigmund,
Fechas asociadas al nombre 1856-1939.
9 (RLIN) 4
245 10 - MENCIÓN DE TÍTULO
Título Obras completas.
Número de parte o sección de la obra Vol. 23 (1937-39),
Nombre de parte o sección de la obra Moisés y la religión monoteísta. Esquema del psicoanálisis y otras obras /
Mención de responsabilidad, etc. Sigmund Freud ; ordenamiento, comentarios y notas de James Strachey con la colaboración de Anna Freud, asistidos por Alix Strachey y Alan Tyson, traducción directa del alemán de José L. Etcheverry.
250 ## - MENCIÓN DE EDICIÓN
Mención de edición 2a. ed.
260 ## - PUBLICACIÓN, DISTRIBUCIÓN, ETC. (PIE DE IMPRENTA)
Lugar de publicación, distribución, etc. Buenos Aires :
Nombre del editor, distribuidor, etc. Amorrortu,
Fecha de publicación, distribución, etc. 2008.
300 ## - DESCRIPCIÓN FÍSICA
Extensión 352 p. ;
Dimensiones 23 cm
490 0# - MENCIÓN DE SERIE
Mención de serie Obras completas Sigmund Freud ;
Designación de volumen o secuencia vol. 23
505 0# - NOTA DE CONTENIDO CON FORMATO
Nota de contenido con formato Moisés y la religión monoteísta (1939 [1934-38]) -- Esquema del psicoanálisis (1940 [1938]) -- Análisis terminable e interminable (1937) -- Construcciones en el análisis (1937) -- La escisión del yo en el proceso defensivo (1940 [1938]) -- Algunas lecciones elementales sobre psicoanálisis (1940 [1938]) -- Comentario sobre el antisemitismo (1938) -- Escritos breves (1937-38).
650 #4 - PUNTO DE ACCESO ADICIONAL DE MATERIA--TÉRMINO DE MATERIA
Término de materia o nombre geográfico como elemento inicial PSICOLOGÍA
650 #4 - PUNTO DE ACCESO ADICIONAL DE MATERIA--TÉRMINO DE MATERIA
Término de materia o nombre geográfico como elemento inicial PSICOANÁLISIS
700 1# - PUNTO DE ACCESO ADICIONAL--NOMBRE DE PERSONA
Nombre de persona Strachey, James.
700 1# - PUNTO DE ACCESO ADICIONAL--NOMBRE DE PERSONA
Nombre de persona Etcheverry, José L.
942 ## - ELEMENTOS DE PUNTO DE ACCESO ADICIONAL (KOHA)
Tipo de ítem Koha Libros
Fuente del sistema de clasificación o colocación Clasificación Decimal Universal
Existencias
Estado de retiro Estado de pérdida Fuente del sistema de clasificación o colocación Estado dañado Excepción de préstamo Código de colección Localización permanente Ubicación/localización actual Ubicación en estantería Fecha de adquisición Número de inventario Total de préstamos Signatura topográfica completa Código de barras Fecha visto por última vez Fecha del último préstamo Número de copia Precio válido a partir de Tipo de ítem Koha Renovaciones totales Fuente de adquisición Nota pública
    Clasificación Decimal Universal     Psicología BIBLIOTECA RIOBAMBA BIBLIOTECA RIOBAMBA BIBLIOTECA RIOBAMBA 16/06/2015 1195 1 159.9 FRE 1195 24/10/2017 17/10/2017 1 16/06/2015 Libros      
    Clasificación Decimal Universal     Psicología BIBLIOTECA RIOBAMBA BIBLIOTECA RIOBAMBA BIBLIOTECA RIOBAMBA 17/11/2015 2957 4 159.9 FRE 2957 23/05/2025 19/05/2025 2 17/11/2015 Libros 2    
    Clasificación Decimal Universal       BIBLIOTECA VENADO TUERTO BIBLIOTECA VENADO TUERTO BIBLIOTECA VENADO TUERTO 15/03/2019 5039   159.9 FRE 5039 15/03/2019   3 15/03/2019 Libros   Compra VENADO TUERTO